Sociedad 1 : (Registro nro. 7911)

Detalles MARC
000 -LEADER
fixed length control field 01870nam a2200445 a 4500
001 - CONTROL NUMBER
control field 00172
003 - CONTROL NUMBER IDENTIFIER
control field DO-SdBNP
005 - DATE AND TIME OF LATEST TRANSACTION
control field 20170228101142.0
007 - PHYSICAL DESCRIPTION FIXED FIELD--GENERAL INFORMATION
fixed length control field 00172
008 - FIXED-LENGTH DATA ELEMENTS--GENERAL INFORMATION
fixed length control field 091118s2008 dr a 2008 000 0 spa d
020 ## - INTERNATIONAL STANDARD BOOK NUMBER
International Standard Book Number 9789945112009 (v. 2) Guía
020 ## - INTERNATIONAL STANDARD BOOK NUMBER
International Standard Book Number 9789945112245 (v. 3) Cuaderno
040 ## - CATALOGING SOURCE
Original cataloging agency BPMSU
Language of cataloging spa
Transcribing agency BPMSU
092 ## - LOCALLY ASSIGNED DEWEY CALL NUMBER (OCLC)
Classification number 372.83
Item number C238s 1ro. 2008
100 1# - MAIN ENTRY--PERSONAL NAME
Personal name Capellán Almonte, Fanny
245 00 - TITLE STATEMENT
Title Sociedad 1 :
Remainder of title básica /
Statement of responsibility, etc. Fanny Capellán Almonte; editora Margarita Castro Catrain.
260 ## - PUBLICATION, DISTRIBUTION, ETC. (IMPRINT)
Place of publication, distribution, etc. Santo Domingo :
Name of publisher, distributor, etc. Santillana,
Date of publication, distribution, etc. 2008.
300 ## - PHYSICAL DESCRIPTION
Extent 2 v. :
Other physical details il., mapas., retrs. ;
Dimensions 28 cm.
490 1# - SERIES STATEMENT
Series statement Coral
500 ## - GENERAL NOTE
General note La biblioteca solamente posee la guía y el cuaderno
505 0# - FORMATTED CONTENTS NOTE
Miscellaneous information v. 1 :
Title Unidad 1 --
-- Así somos --
-- Unidad 2 --
-- Dónde Vivo --
-- Unidad 3 --
-- Dónde aprendo --
-- Unidad 4 --
-- Mi comunidad --
-- Unidad 5 --
-- El campo y la ciudad --
-- Unidad 6 --
-- Mis necesidades --
Miscellaneous information Unidad 7 --
Title Trabajo y producción --
-- Unidad 8 --
-- Mi país /
650 #4 - SUBJECT ADDED ENTRY--TOPICAL TERM
Topical term or geographic name as entry element CIENCIAS SOCIALES
General subdivision ENSEÑANZA BÁSICA
650 #4 - SUBJECT ADDED ENTRY--TOPICAL TERM
Topical term or geographic name as entry element CIENCIAS SOCIALES
General subdivision EDUCACIÓN PRIMARIA
650 #4 - SUBJECT ADDED ENTRY--TOPICAL TERM
Topical term or geographic name as entry element CIENCIAS SOCIALES
General subdivision LIBROS DE TEXTOS
650 #4 - SUBJECT ADDED ENTRY--TOPICAL TERM
Topical term or geographic name as entry element CIENCIAS SOCIALES
General subdivision ESTUDIOS Y EJERCICIOS
650 #4 - SUBJECT ADDED ENTRY--TOPICAL TERM
Topical term or geographic name as entry element EDUCACIÓN PRIMARIA
Geographic subdivision REPÚBLICA DOMINICANA
700 1# - ADDED ENTRY--PERSONAL NAME
Personal name Castro Catrain, Margarita,
Relator term ed.
830 #0 - SERIES ADDED ENTRY--UNIFORM TITLE
Uniform title Coral
910 ## - USER-OPTION DATA (OCLC)
User-option data Validado. Control de calidad MFF
930 ## - EQUIVALENCE OR CROSS-REFERENCE-UNIFORM TITLE HEADING [LOCAL, CANADA]
Language of a work BND01
Medium of performance for music LF1
Field link and sequence number 20091130
Date of a work 01
Name of part/section of a work OI
Miscellaneous information 8647
930 ## - EQUIVALENCE OR CROSS-REFERENCE-UNIFORM TITLE HEADING [LOCAL, CANADA]
Language of a work BND01
Medium of performance for music LF1
Field link and sequence number 20091201
Date of a work 04
Name of part/section of a work OI
Miscellaneous information 8646
930 #1 - EQUIVALENCE OR CROSS-REFERENCE-UNIFORM TITLE HEADING [LOCAL, CANADA]
Language of a work BND01
Medium of performance for music LF1
Field link and sequence number 20091130
Date of a work 01
Name of part/section of a work CT
Miscellaneous information 8646
930 #1 - EQUIVALENCE OR CROSS-REFERENCE-UNIFORM TITLE HEADING [LOCAL, CANADA]
Language of a work BND01
Medium of performance for music LF1
Field link and sequence number 20091130
Date of a work 01
Name of part/section of a work OI
Miscellaneous information 8646
930 #1 - EQUIVALENCE OR CROSS-REFERENCE-UNIFORM TITLE HEADING [LOCAL, CANADA]
Language of a work BND01
Medium of performance for music LF1
Field link and sequence number 20091201
Date of a work 01
Name of part/section of a work OI
Miscellaneous information 8646
930 #1 - EQUIVALENCE OR CROSS-REFERENCE-UNIFORM TITLE HEADING [LOCAL, CANADA]
Language of a work BND01
Medium of performance for music LF1
Field link and sequence number 20091201
Date of a work 01
Name of part/section of a work OI
Miscellaneous information 8646
942 ## - ADDED ENTRY ELEMENTS (KOHA)
Source of classification or shelving scheme Dewey Decimal Classification
Koha item type Libros
956 ## - LOCAL ELECTRONIC LOCATION AND ACCESS (OCLC)
Host name YLOCKWARD
Access number 10
Compression information 20150612
Logon BND01
Processor of request 1146
956 ## - LOCAL ELECTRONIC LOCATION AND ACCESS (OCLC)
Host name VMATEO
Access number 10
Compression information 20150615
Logon BMET02
Processor of request 00151
956 ## - LOCAL ELECTRONIC LOCATION AND ACCESS (OCLC)
Host name BTAVÁREZ
Access number 10
Compression information 20160408
Logon BPMSU
Processor of request 00172
Existencias
Withdrawn status Lost status Source of classification or shelving scheme Damaged status Not for loan Collection code Home library Current library Date acquired Source of acquisition Total Checkouts Full call number Barcode Date last seen Price effective from Koha item type
    Dewey Decimal Classification     Colección Escolar Biblioteca Pública Metropolitana Salomé Ureña Biblioteca Pública Metropolitana Salomé Ureña 06/15/2015 Donación   372.83 C238s 1ro. Guía 2008 v.2 BPMSU15080169 06/15/2015 06/15/2015 Libros
    Dewey Decimal Classification     Colección Escolar Biblioteca Pública Metropolitana Salomé Ureña Biblioteca Pública Metropolitana Salomé Ureña 06/15/2015 Donación   372.83 C238s 1ro, Cuaderno 2008 v.3 BPMSU15080171 06/15/2015 06/15/2015 Libros